Úloha zpětné vazby a sebereflexe v procesu výuky

Bibliographic Details
Main Author: Zlámal, Jiří (Author)
Format: Article
Language:Slovak
Czech
ISSN:1335-003X
Subjects:

MARC

LEADER 00000nab a2200000 a 4500
001 vtls009481800
003 SK-MaSNL
005 20260305021204.0
008 250506c2008 xo mr|p|||an |000 b|slo
015 |a SNBRB2009/03 
035 |a (uuid)ceb89466-02e0-4202-8289-3af84986374e 
035 |a urn:nbn:sk:snk-ab9tew 
035 |a (urnnbn)urn:nbn:sk:snk:ar-a08uaj 
038 |a SPK 
040 |a SNKBUCL  |b slo  |c SNKBUCL  |e AACR2 
041 0 |a cze  |b eng  |b cze 
044 |a xo  |c SK 
072 7 |a 316.77  |x Informačná veda  |2 konspekt 
072 7 |a 371  |x Školstvo (organizácia)  |2 konspekt 
080 |a 316.776.34  |2 1997 
080 |a 371.214.46  |2 1997 
100 1 |a Zlámal, Jiří  |4 aut  |9 796541 
245 1 0 |a Úloha zpětné vazby a sebereflexe v procesu výuky  |c Jiří Zlámal 
504 |a Bibliogr. odkazy 
546 |a Res. angl., čes. 
650 0 7 |a spätná väzba  |2 snkbucl  |9 264228 
650 0 7 |a vyučovanie  |2 snkbucl  |9 1522 
650 0 7 |a sebareflexia  |2 snkbucl  |9 22079 
773 0 |t Technológia vzdelávania  |g Roč. XIV., č. 5 (2008)  |g Č. 5 (2008), s. 14-[15]  |x 1335-003X 
773 0 |t Slovenský učiteľ  |g Roč. XIV., č. 5 (2008)  |g Č. 5 (2008), s. 14-[15]  |x 1335-003X 
850 |a Slovenská národná knižnica 
852 |a Slovenská národná knižnica 
958 |a article13 
958 |a NB  |2 spk 
958 |a OND 
958 |a EUIPO 
999 |c 3284289  |d 3286219